CJ Marketplace (Record no. 120498)

MARC details
000 -LEADER
fixed length control field 00887cam a2200181 4500
001 - CONTROL NUMBER
control field ##WS134090
008 - FIXED-LENGTH DATA ELEMENTS--GENERAL INFORMATION
fixed length control field 060710n 000 0 eng u
035 ## - SYSTEM CONTROL NUMBER
System control number (Sirsi) u134090
041 0# - LANGUAGE CODE
Language code of text/sound track or separate title eng
110 2# - MAIN ENTRY--CORPORATE NAME
Corporate name or jurisdiction name as entry element Contract Journal
9 (RLIN) 554
245 00 - TITLE STATEMENT
Title CJ Marketplace
520 ## - SUMMARY, ETC.
Summary, etc. Web site providing a free-to-view, on line classified service listing all types of construction plant and products. Features for sale and wanted sections, together with a browsable database of construction equipment divided into 13 categories, including dump trucks, cranes, excavators, screens and crushers, and site equipment.
590 ## - LOCAL NOTE (RLIN)
Local note IKA180706
651 #4 - SUBJECT ADDED ENTRY--GEOGRAPHIC NAME
Geographic name International
690 ## - LOCAL SUBJECT ADDED ENTRY--TOPICAL TERM (OCLC, RLIN)
Topical term or geographic name as entry element PROPERTY-BUSINESS ASSETS-ACQUISITION AND DISPOSAL OF BUSINESS ASSETS
856 40 - ELECTRONIC LOCATION AND ACCESS
Uniform Resource Identifier <a href="https://www.contractjournal.com/classifieds/Home.aspx">https://www.contractjournal.com/classifieds/Home.aspx</a>
Public note View the website free of charge at www.contractjournal.com...
942 ## - ADDED ENTRY ELEMENTS (KOHA)
Suppress in OPAC 0
Holdings
Withdrawn status Lost status Source of classification or shelving scheme Damaged status Not for loan Home library Current library Shelving location Date acquired Total Checkouts Full call number Barcode Date last seen Copy number Price effective from Koha item type
    Dewey Decimal Classification     Virtual Virtual Online 10/07/2006   WEB SITE 134090-1001 06/08/2019 1 06/08/2019 Online material